General English: (Record no. 184430)

MARC details
000 -LEADER
fixed length control field 00571nam a22001817a 4500
005 - DATE AND TIME OF LATEST TRANSACTION
control field 20220120115840.0
010 ## - LCCN (DPL NO)
LC control number ENG-131268
020 ## - INTERNATIONAL STANDARD BOOK NUMBER
International Standard Book Number 978-93-90389-50-6
Terms of availability 395.00
035 ## - SYSTEM CONTROL NUMBER
System control number EN-114800
037 ## - SOURCE OF ACQUISITION
Source of stock number/acquisition DBAD
082 ## - DEWEY DECIMAL CLASSIFICATION NUMBER
Classification number 480
100 ## - MAIN ENTRY--PERSONAL NAME
Personal name Sachdeva, Taniya
245 ## - TITLE STATEMENT
Title General English:
Remainder of title For Al Competitive Exams/
Statement of responsibility, etc Taniya Sachdeva
260 ## - PUBLICATION, DISTRIBUTION, ETC. (IMPRINT)
Place of publication, distribution, etc New Delhi
Name of publisher, distributor, etc Prabhat Paperbacks
Date of publication, distribution, etc 2020
270 ## - ADDRESS
City New Delhi
Address 4/19, Asaf Ali Road
Postal code 110002
Telephone number 23289555, 23289666
Electronic mail address prabhatbooks@gmail.com
300 ## - PHYSICAL DESCRIPTION
Extent 388p.
Dimensions 27cm(pbk)
942 ## - ADDED ENTRY ELEMENTS (KOHA)
Source of classification or shelving scheme Dewey Decimal Classification
Item type English Books
Classification part 480
Call number suffix SAC
Holdings
Withdrawn status Lost status Not for loan Collection code Home library Current library Date acquired Source of acquisition Cost, normal purchase price Full call number Barcode Copy number Cost, replacement price Koha item type
      Non-fiction Central Library Central Library 20/01/2022 DBAD/PUB 395.00 480 SAC EN-114800 1 395.00 English Books

© Delhi Public Library
Hit Counter
free hit counter